<?xml version="1.0" encoding="UTF-8"?>
<marc:record xmlns:marc="http://www.loc.gov/MARC21/slim">
   <marc:leader>00000nam a2200000 a 4500</marc:leader>
   <marc:datafield ind1="1" ind2=" " tag="100">
      <marc:subfield code="a">Hopper, Tom</marc:subfield>
   </marc:datafield>
   <marc:datafield ind1="1" ind2=" " tag="100">
      <marc:subfield code="a">Wiliams, Michelle</marc:subfield>
   </marc:datafield>
   <marc:datafield ind1="1" ind2=" " tag="100">
      <marc:subfield code="a">Schumer, Amy</marc:subfield>
   </marc:datafield>
   <marc:datafield ind1="1" ind2=" " tag="100">
      <marc:subfield code="a">Silverstein, Marc</marc:subfield>
   </marc:datafield>
   <marc:datafield ind1="1" ind2=" " tag="100">
      <marc:subfield code="a">Kohn, Amy</marc:subfield>
   </marc:datafield>
   <marc:datafield ind1="0" ind2="0" tag="245">
      <marc:subfield code="a">I feel pretty</marc:subfield>
   </marc:datafield>
   <marc:datafield ind1="0" ind2="0" tag="245">
      <marc:subfield code="c">Amy Schumer ; Michelle Williams ; Tom Hopper ; Drehbuch und Regie: Abby Kohn ; Marc Silverstein ;</marc:subfield>
   </marc:datafield>
   <marc:datafield ind1=" " ind2="1" tag="264">
      <marc:subfield code="a">Grünwald</marc:subfield>
      <marc:subfield code="b">Concorde Home Entertainment</marc:subfield>
      <marc:subfield code="c">2018</marc:subfield>
   </marc:datafield>
   <marc:datafield ind1="1" ind2=" " tag="520">
      <marc:subfield code="a">Renee arbeitet im Archiv eines schillernden Unternehmens, in dem sich alles um schöne, junge, reiche Frauen dreht. Gerne würde die gutmütige, etwas grobschlächtge Frau am Empfang das Gesicht der Firma sein. Durch einen Unfall glaubt Renee sie sei von unwiderstehlicher Schönheit, das hatte sie sich zuvor ganz fest gewünscht und nun erwacht sie plötzlich in einer Märchenwelt wie einst Aschenputtel. Das ihr ihre Mitmenschen erklären, dass sie sich optisch nicht verändert hat, ignoriert sie, denn mit ihrem immems gewachsenen Selbstvertrauen und ihrem Mut unkonventionelle Dinge zu wagen, überzeugt sie Dates und auch im Büro.</marc:subfield>
   </marc:datafield>
   <marc:datafield ind1="3" ind2=" " tag="024">
      <marc:subfield code="a">4010324203526</marc:subfield>
   </marc:datafield>
   <marc:datafield ind1="0" ind2=" " tag="490">
      <marc:subfield code="v">0</marc:subfield>
   </marc:datafield>
   <marc:datafield ind1=" " ind2=" " tag="300">
      <marc:subfield code="a">1 DVD</marc:subfield>
   </marc:datafield>
</marc:record>
